City To State/Province and Country - Statistics

General Stats
  • This quiz has been taken 13 times
    2 since last reset
  • The average score is 8 of 16
Answer Stats
City Continent Country % Correct
Auckland
100%
Lyon Europe France
100%
Mumbai Asia India
100%
Auckland Oceania New Zealand
100%
Gold Coast Oceania Australia
50%
Salvador South America Brazil
50%
Venice Europe Italy
50%
Maharashtra
50%
Pennsylvania
50%
Queensland
50%
Johannesburg Africa South Africa
50%
Philadelphia North America USA
50%
Bahia
0%
Gauteng
0%
Rhône-Alpes
0%
Veneto
0%
No matching quizzes found
Score Distribution
Percent of People with Each Score
Percentile by Number Answered
Your Score History
You have not taken this quiz since the last reset